000 00794nas a2200265 4500
001 BR9900103
003 BR-BrBNA
005 20231205101153.0
007 ta
008 230509b bl.|||p| |||| 00| 00por d
040 _aBR-BrBNA
_bpor
_cBiblioteca Nacional de Agricultura
041 _a(En)
072 _aH60
100 1 _aMarenco, R.A.
100 1 _aReis, A.C.S.
245 1 _aShading as an environmental factor affecting the growth of Ischaemum rugosum
650 _aArroz
650 _aCrescimento
650 _aCondicao Ambiental
650 _aSombreamento
650 _aMaranhao
773 0 _tRevista Brasileira de Fisiologia Vegetal (Brazil)
_xISSN 0103-3131
_g(Aug 1998), v. 10(2) p. 107-112
_wBR9900103
909 _a202311
_bLúcia
_c55
_dLúcia Elande
942 _2AGRIS
_n0
_cANA
999 _c160194
_d160194